000 00447nab a2200145Ia 4500
003 ES-SlBCS
005 20210601133900.0
008 140529s1982 xxu||||| |||| 00| 0 por d
041 _apor
100 1 _aMoreira, A.
_967421
245 0 2 _aA Constituiçâo de 1976 e a Doutrina Social da Igreja
_c A. Moreira
650 0 4 _aDoctrina Social
_9109321
773 0 _tRevista Portuguesa de Filosofia
_gvol. 38-I, 1982, págs. 325-337
_wRev379
942 _cAR
999 _c603658
_d603658